Normal view
MARC view
- Filología
Entry Materia
001 - NÚMERO DE CONTROL DEL REGISTRO
- campo de control: 15443
003 - IDENTIFICADOR DE NUMERO DE CONTROL
- campo de control: MX-MxUPN
005 - FECHA Y HORA DE LA ÚLTIMA TRANSACCIÓN
- campo de control: 20240923162233.0
008 - DATOS DE LONGITUD FIJA
- campo de control de longitud fija: 240923n| acnnnbabn | ana |d
035 ## - NÚMERO DE CONTROL DEL SISTEMA
- Número de control del sistema: UPN10000015451
040 ## - FUENTE DE LA CATALOGACIÓN
- Centro catalogador de origen: MX-MxUPN
- Lengua de catalogación: spa
- Agencia de transcripción: MX-MxUPN
150 ## - ENCABEZAMIENTO - TEMÁTICO
- Término de materia o nombre geográfico como elemento inicial: Filología
670 ## - FUENTE EN LA QUE SE LOCALIZARON DATOS
- Cita de la fuente: E
680 ## - NOTA GENERAL CON DESPLIEGUE PÚBLICO
- Texto explicativo: Aquí se asientan las obras relacionadas conjuntamente con el lenguaje y la literatura. Las obras que se limitan al lenguaje se asientan bajo
- Encabezamiento: LENGUAJE Y LENGUAS
- Texto explicativo: y las que tratan solamente de literatura bajo
- Encabezamiento: LITERATURA.
- Texto explicativo: Los estudios comparados se asientan bajo
- Encabezamiento: FILOLOGIA COMPARADA ;
- Texto explicativo: los que se limitan a comparar la estructura gramatical se asientan bajo
- Encabezamiento: GRAMATICA GENERAL.
- Texto explicativo: Ramas específicas de filología y literatura. Ej.:
- Encabezamiento: FILOLOGIA ARIA, FILOLOGIA CLASICA,
- Texto explicativo: etc.
902 ## - CATALOGADOR
- Catalogador: BEC/240696
